|
|
|
|
| LEADER |
01360nam a2200277 a 4500 |
| 001 |
4086812 |
| 008 |
101101s20031999maua b 001 0 eng d |
| 010 |
|
|
|a 73010593
|
| 020 |
|
|
|a 8177583778
|
| 020 |
|
|
|a 0201054825
|
| 040 |
|
|
|a DLC
|c DLC
|d DLC
|d ICU
|d BD-DhAAL
|
| 082 |
0 |
0 |
|a 530.4/1
|2 21
|
| 100 |
1 |
|
|a Omar, M. Ali.
|
| 245 |
1 |
0 |
|a Elementary solid state physics :
|b principles and applications /
|c M. A. Omar.
|
| 250 |
|
|
|a revised printing
|
| 260 |
|
|
|a Reading, Mass. :
|b Addison-Wesley Pub. Co.;
|a New Delhi :
|b Pearson Education,
|c 1999
|g (Impression 2007).
|
| 300 |
|
|
|a xv, 669 p. :
|b ill. ;
|c 24 cm.
|
| 490 |
0 |
|
|a Addison-Wesley series in solid state sciences
|
| 504 |
|
|
|a Includes bibliographies and index.
|
| 541 |
|
|
|e 00016384
|
| 650 |
|
0 |
|a Solid state physics.
|
| 852 |
4 |
|
|a Ayesha Abed Library
|j General shelf.
|
| 999 |
|
|
|c 10000
|d 10000
|
| 952 |
|
|
|0 0
|1 0
|2 ddc
|4 0
|6 530_410000000000000_OMA_2007
|7 0
|9 12988
|a BRACUL
|b BRACUL
|c GEN
|d 2010-11-01
|l 19
|m 119
|o 530.41 OMA
|p 3010016384
|r 2024-05-28
|s 2024-01-22
|t 1
|w 2010-11-01
|y BK
|
| 952 |
|
|
|0 0
|1 0
|2 ddc
|4 0
|6 530_410000000000000_OMA_2007
|7 0
|9 12989
|a BRACUL
|b BRACUL
|c GEN
|d 2010-11-01
|l 14
|m 83
|o 530.41 OMA
|p 3010016385
|r 2025-09-14
|s 2025-05-12
|t 2
|w 2010-11-01
|y BK
|
| 952 |
|
|
|0 0
|1 0
|2 ddc
|4 0
|6 530_410000000000000_OMA
|7 0
|9 14319
|a BRACUL
|b BRACUL
|c GEN
|d 2011-02-03
|l 11
|m 106
|o 530.41 OMA
|p 3010016386
|r 2024-06-03
|s 2024-01-22
|t 3
|w 2011-02-03
|y BK
|